书目信息 |
| 题名: |
世界干酪文化鉴赏
|
|
| 作者: | 董暮萤 , 任发政 主编 | |
| 分册: | ||
| 出版信息: | 北京 化学工业出版社 2004.11 |
|
| 页数: | 304页 | |
| 开本: | 24cm | |
| 丛书名: | ||
| 单 册: | ||
| 中图分类: | TS252.53 | |
| 科图分类: | ||
| 主题词: | 干酪--Gan Lao--文化--世界 , 食品工业 | |
| 电子资源: | ||
| ISBN: | 7-5025-6189-7 | |
| 000 | 00898nam0 2200289 450 | |
| 001 | 12479 | |
| 005 | 20050607101850.98 | |
| 010 | @a7-5025-6189-7@dCNY 29.00 | |
| 099 | @aCAL 012004142267 | |
| 100 | @a20041221d2004 em y0chiy0121 ea | |
| 101 | 0 | @achi@aeng |
| 102 | @aCN@b110000 | |
| 105 | @aafk z 000yy | |
| 200 | 1 | @a世界干酪文化鉴赏@AShi Jie Gan Lao Wen Hua Jian Shang@d= Appreciation of World Cheese Culture@f董暮萤, 任发政主编@zeng |
| 210 | @a北京@c化学工业出版社@d2004.11 | |
| 215 | @a304页@c图 (部分彩图)@d24cm | |
| 305 | @a本书实际出版为2004年 | |
| 510 | 1 | @aAppreciation of World Cheese Culture@zeng |
| 606 | 0 | @a干酪@AGan Lao@x文化@y世界 |
| 606 | 0 | @a食品工业 |
| 690 | @aTS252.53@v4 | |
| 701 | 0 | @a董暮萤@ADong Mu Ying@4主编 |
| 701 | 0 | @a任发政@ARen Fa Zheng@4主编 |
| 801 | 0 | @aCN@bNMU@c20050607 |
| 905 | @dTS252.53@eD720 | |
| 906 | @dCNY29.00@n0@r1 | |
| 998 | @aNMU | |
| 世界干酪文化鉴赏= Appreciation of World Cheese Culture/董暮萤, 任发政主编.-北京:化学工业出版社,2004.11 |
| 304页:图 (部分彩图);24cm |
| ISBN 7-5025-6189-7:CNY 29.00 |
| ● |
| 相关链接 |
|
|
|
正题名:世界干酪文化鉴赏
索取号:TS252.53/D720
 
预约/预借
| 序号 | 登录号 | 条形码 | 馆藏地/架位号 | 状态 | 备注 |
| 1 | 530997 | 205309977 | 自科库501/501自科库 42排1列4层/ [索取号:TS252.53/D720] | 在馆 | |
| 2 | 530998 | 205309986 | 期刊室512/501自科库 42排1列4层/ [索取号:TS252.53/D720] | 在馆 | |
| 3 | 530999 | 205309995 | 自科库501/501自科库 42排1列4层/ [索取号:TS252.53/D720] | 在馆 |